[Event "Regionalliga NW 0102"]
[Site "Bayern"]
[Date "2002.04.14"]
[Round "8.4"]
[White "Stauch, Frank"]
[Black "Lutz, Hans Joachim"]
[Result "1/2-1/2"]
[WhiteElo "2030"]
[BlackElo "1865"]
[PlyCount "68"]
[EventDate "2001.10.07"]
[EventType "team-tourn"]
[EventRounds "9"]
[EventCountry "GER"]
[SourceTitle "EXT 2003"]
[Source "ChessBase"]
[SourceDate "2002.11.25"]
[SourceVersion "1"]
[SourceVersionDate "2002.11.25"]
[SourceQuality "1"]
[WhiteTeam "Kronach"]
[BlackTeam "Obernburg"]
[WhiteTeamCountry "GER"]
[BlackTeamCountry "GER"]

1. d4 d5 2. Nf3 Nf6 3. c4 g6 4. e3 Bg7 5. Nc3 c6 6. Be2 0-0 7. 0-0 a6 8. b4 Bg4 9. h3 Bxf3 10. Bxf3 e6 11. Qe2 Nbd7 12. Rd1 Nb6 13. c5 Nc8 14. a4 Nd7 15. e4 Re8 16. e5 f6 17. exf6 Bxf6 18. Be3 e5 19. Qd2 e4 20. Be2 Ne7 21. g4 Kh8 22. b5 axb5 23. axb5 Nf8 24. b6 Ne6 25. Ra7 Rxa7 26. bxa7 Qa5 27. Nxe4 Qxd2 28. Nxd2 Ra8 29. Nf3 Rxa7 30. Rb1 Nc8 31. Kg2 Nd8 32. Bf4 Ne6 33. Be3 Nd8 34. Bf4 Ne6 1/2-1/2

[Event "Landesliga Nord 0001"]
[Site "Bayern"]
[Date "2001.04.01"]
[Round "8"]
[White "Lutz, Hans Joachim"]
[Black "Wiemer, Peter"]
[Result "1-0"]
[WhiteElo "1870"]
[BlackElo "2120"]
[PlyCount "125"]
[EventDate "2000.10.15"]
[EventType "team-tourn"]
[EventRounds "9"]
[EventCountry "GER"]
[SourceTitle "EXT 2020"]
[Source "ChessBase"]
[SourceDate "2019.10.17"]
[SourceVersion "1"]
[SourceVersionDate "2019.10.17"]
[SourceQuality "1"]
[WhiteTeam "Obernburg"]
[BlackTeam "Zirndorf"]
[WhiteTeamCountry "GER"]
[BlackTeamCountry "GER"]

1. e4 e6 2. d4 d5 3. e5 c5 4. c3 Nc6 5. Nf3 Nh6 6. Bd3 Nf5 7. Bxf5 exf5 8. 0-0 h6 9. b3 Be6 10. Bb2 Rc8 11. Na3 cxd4 12. cxd4 Be7 13. h3 0-0 14. Nh2 a6 15. f4 Nxd4 16. Bxd4 Bxa3 17. Kh1 Rc6 18. g4 Qh4 19. Qd3 g6 20. Bf2 Qe7 21. Rg1 Kh7 22. Bd4 Rfc8 23. Rg2 Qb4 24. Rag1 Rc1 25. Nf1 Qe1 26. Ng3 R1c3 27. Qxc3 Qxc3 28. Bxc3 Rxc3 29. gxf5 gxf5 30. Kh2 Be7 31. Nh5 Rc8 32. Rg7+ Kh8 33. R7g2 Rd8 34. Rc1 Bh4 35. Rc7 d4 36. Ng3 Bd5 37. Rd2 Be6 38. Rxb7 d3 39. Rc7 Rd4 40. Rc6 Rxf4 41. Rxd3 Rf2+ 42. Kg1 Rxa2 43. Nh5 Ra1+ 44. Kg2 Ra2+ 45. Kf3 Rf2+ 46. Ke3 Rh2 47. Nf4 Bg5 48. Kf3 Bxf4 49. Kxf4 Rf2+ 50. Ke3 Ra2 51. Kd4 Ra5 52. Rd6 Kh7 53. Rg3 Rb5 54. Rxa6 Bxb3 55. Ra8 Be6 56. Rag8 h5 57. R3g5 Rd5+ 58. Ke3 Rxe5+ 59. Kf3 Rb5 60. Kf4 Ra5 61. Rd8 Ra4+ 62. Ke5 Rh4 63. Kf6 1-0

[Event "Landesliga Nord 0001"]
[Site "Bayern"]
[Date "2001.01.14"]
[Round "4"]
[White "Lutz, Hans Joachim"]
[Black "Feist, Reiner"]
[Result "1/2-1/2"]
[WhiteElo "1870"]
[BlackElo "1810"]
[PlyCount "56"]
[EventDate "2000.10.15"]
[EventType "team-tourn"]
[EventRounds "9"]
[EventCountry "GER"]
[SourceTitle "EXT 2020"]
[Source "ChessBase"]
[SourceDate "2019.10.17"]
[SourceVersion "1"]
[SourceVersionDate "2019.10.17"]
[SourceQuality "1"]
[WhiteTeam "Obernburg"]
[BlackTeam "Erlangen TB"]
[WhiteTeamCountry "GER"]
[BlackTeamCountry "GER"]

1. e4 c6 2. d4 d5 3. exd5 cxd5 4. Bd3 Nc6 5. c3 Nf6 6. h3 e5 7. dxe5 Nxe5 8. Bc2 Bc5 9. Nf3 Nc6 10. 0-0 h6 11. Nbd2 0-0 12. Nb3 Bd6 13. Be3 Ne4 14. Nbd4 Bb8 15. Qd3 f5 16. Ne2 f4 17. Bd4 Bf5 18. Qd1 Nxd4 19. Nexd4 Bc8 20. Re1 Nf6 21. Qd3 Re8 22. Qg6 Bd6 23. Nh4 Kh8 24. Qf7 Bd7 25. Ne6 Bxe6 26. Rxe6 Rxe6 27. Ng6+ Kh7 28. Nf8+ Kh8 1/2-1/2

[Event "Landesliga Nord 0001"]
[Site "Bayern"]
[Date "2000.10.15"]
[Round "1"]
[White "Lutz, Hans Joachim"]
[Black "Koenig, Oliver"]
[Result "1/2-1/2"]
[WhiteElo "1870"]
[BlackElo "2297"]
[PlyCount "69"]
[EventDate "2000.10.15"]
[EventType "team-tourn"]
[EventRounds "9"]
[EventCountry "GER"]
[SourceTitle "EXT 2020"]
[Source "ChessBase"]
[SourceDate "2019.10.17"]
[SourceVersion "1"]
[SourceVersionDate "2019.10.17"]
[SourceQuality "1"]
[WhiteTeam "Obernburg"]
[BlackTeam "Fuerth SF"]
[WhiteTeamCountry "GER"]
[BlackTeamCountry "GER"]

1. e4 c5 2. Nf3 Nc6 3. d4 cxd4 4. Nxd4 Nf6 5. Nc3 e5 6. Nf3 Bb4 7. Bd3 d5 8. exd5 Nxd5 9. Bd2 Nxc3 10. bxc3 Be7 11. h3 Be6 12. Qe2 Qc7 13. 0-0 h6 14. Rfe1 Bf6 15. Bc4 Bxc4 16. Qxc4 0-0 17. Qg4 Qc8 18. Qg3 Kh7 19. Re4 Qf5 20. Rae1 Rad8 21. R1e2 Ne7 22. c4 Ng6 23. Re1 Rd7 24. Bc3 Re8 25. Qg4 Qxg4 26. hxg4 Rc7 27. a4 Rec8 28. Bxe5 Nxe5 29. Nxe5 Bxe5 30. Rxe5 Rxc4 31. Re7 Rxa4 32. Rxb7 Kg6 33. Ree7 Rf4 34. Rxa7 Rxc2 35. f3 1/2-1/2

[Event "Landesliga Nord 9596"]
[Site "Bayern"]
[Date "1996.??.??"]
[Round "?"]
[White "Feist, Reiner"]
[Black "Lutz, Hans Joachim"]
[Result "1-0"]
[WhiteElo "1935"]
[BlackElo "1835"]
[PlyCount "73"]
[EventDate "1995.10.??"]
[EventType "team-tourn"]
[EventRounds "9"]
[EventCountry "GER"]
[SourceTitle "EXT 2020"]
[Source "ChessBase"]
[SourceDate "2019.10.17"]
[SourceVersion "1"]
[SourceVersionDate "2019.10.17"]
[SourceQuality "1"]
[WhiteTeam "Erlangen TB"]
[BlackTeam "Obernburg"]
[WhiteTeamCountry "GER"]
[BlackTeamCountry "GER"]

1. Nf3 c5 2. c4 Nc6 3. g3 Nf6 4. Bg2 g6 5. b3 Bg7 6. Bb2 0-0 7. 0-0 e6 8. d4 cxd4 9. Nxd4 Qa5 10. Nb5 d5 11. Bc3 Qb6 12. cxd5 Qxb5 13. dxc6 bxc6 14. Na3 Qc5 15. Nc4 Nd5 16. Bxg7 Kxg7 17. Rc1 Bb7 18. e4 Nf6 19. Nd6 Qb6 20. Qc2 Ba6 21. Rfd1 Ng4 22. h3 Ne5 23. Kh2 Bb7 24. f4 Nd7 25. Nxb7 Qxb7 26. Qxc6 Qxc6 27. Rxc6 Nf6 28. e5 Nh5 29. Rc7 Rfc8 30. Rdd7 Rxc7 31. Rxc7 Rd8 32. Rxa7 Rd3 33. b4 Nxg3 34. b5 Nf5 35. b6 Rd2 36. b7 Rb2 37. Ra8 1-0